000 00428nam a2200169Ia 4500
008 230524s9999 xx 000 0 und d
082 _a6.13
_bARO
100 _aSumita Arora
_924005
245 0 _aComputer Science C++ (For Class XII)
250 _a2ND
260 _aNEW DELHI
_bDhanpat Rai
_c2000
300 _aXV;731
500 _aQuantity Number: 1
650 _aComp-Sc
700 _a Gautam Sarkar
_924006
942 _cBK
999 _c35553
_d35553